[Event "Hong Kong-ch prel"]
[Site "Hong Kong"]
[Date "2017.03.06"]
[Round "8"]
[White "Parrott, Laurence"]
[Black "Lai, Cyrus Ho Yeung"]
[Result "1/2-1/2"]
[WhiteElo "1868"]
[BlackElo "1861"]
[PlyCount "34"]
[EventDate "2017.01.09"]
[EventType "swiss"]
[EventRounds "11"]
[EventCountry "HKG"]
[SourceTitle "EXT 2018"]
[Source "ChessBase"]
[SourceDate "2017.10.13"]
[SourceVersion "1"]
[SourceVersionDate "2017.10.13"]
[SourceQuality "1"]

1. c4 g6 2. Nc3 c5 3. g3 Bg7 4. Bg2 Nc6 5. a3 a6 6. Rb1 Rb8 7. b4 cxb4 8. axb4 b5 9. cxb5 axb5 10. Nf3 e5 11. d4 exd4 12. Nd5 Nf6 13. e4 dxe3 14. Bxe3 0-0 15. 0-0 Nxd5 16. Qxd5 Ne7 17. Qd6 Nc6 1/2-1/2

[Event "Hong Kong-ch prel"]
[Site "Hong Kong"]
[Date "2017.02.13"]
[Round "5"]
[White "Parrott, Laurence"]
[Black "Tang, Tsz Sang"]
[Result "1-0"]
[WhiteElo "1868"]
[BlackElo "1673"]
[PlyCount "65"]
[EventDate "2017.01.09"]
[EventType "swiss"]
[EventRounds "11"]
[EventCountry "HKG"]
[SourceTitle "EXT 2018"]
[Source "ChessBase"]
[SourceDate "2017.10.13"]
[SourceVersion "1"]
[SourceVersionDate "2017.10.13"]
[SourceQuality "1"]

1. c4 e6 2. Nc3 Nf6 3. e4 Nc6 4. Nf3 d5 5. cxd5 exd5 6. e5 Ne4 7. Bb5 Bd7 8. Qe2 Nxc3 9. bxc3 a6 10. Ba4 b5 11. Bc2 Bg4 12. d4 Be7 13. 0-0 0-0 14. Qd3 g6 15. Qe3 Na5 16. h3 Nc4 17. Qf4 Be6 18. Qh6 f6 19. exf6 Bxf6 20. Bg5 Qd7 21. Bxf6 Rxf6 22. Ng5 Raf8 23. Rfe1 Bf5 24. Bxf5 gxf5 25. Qh4 Rg6 26. f4 Nd2 27. Re2 Ne4 28. Nxe4 fxe4 29. Rf1 c6 30. Kh1 Rf7 31. g4 Rfg7 32. f5 Qf7 33. Qd8+ 1-0

[Event "Hong Kong-ch prel"]
[Site "Hong Kong"]
[Date "2017.01.16"]
[Round "2"]
[White "Parrott, Laurence"]
[Black "Pu, Henry"]
[Result "1-0"]
[WhiteElo "1868"]
[BlackElo "1566"]
[PlyCount "67"]
[EventDate "2017.01.09"]
[EventType "swiss"]
[EventRounds "11"]
[EventCountry "HKG"]
[SourceTitle "EXT 2018"]
[Source "ChessBase"]
[SourceDate "2017.10.13"]
[SourceVersion "1"]
[SourceVersionDate "2017.10.13"]
[SourceQuality "1"]

1. c4 e6 2. Nc3 Nf6 3. e4 Nc6 4. Nf3 d5 5. e5 Ne4 6. d4 Bb4 7. Qc2 Nxc3 8. bxc3 Be7 9. Bd3 h6 10. 0-0 a6 11. Nd2 0-0 12. f4 dxc4 13. Nxc4 Na7 14. Be3 Bd7 15. Nd2 Qc8 16. Ne4 b6 17. c4 Bc6 18. Ng3 Bd7 19. f5 exf5 20. Nxf5 Bxf5 21. Bxf5 Qd8 22. Be4 Rb8 23. Qe2 Bg5 24. Rad1 Bxe3+ 25. Qxe3 Qe7 26. Qf4 Rbd8 27. Qf5 g6 28. Qh3 Kg7 29. Qc3 Kg8 30. Rf6 Kh7 31. Rdf1 Kg8 32. Bd5 Nb5 33. Qe3 Nd6 34. Rxg6+ 1-0

[Event "Hong Kong-ch prel"]
[Site "Hong Kong"]
[Date "2016.01.11"]
[Round "2"]
[White "Chan, Lok Yee Lewis"]
[Black "Parrott, Laurence"]
[Result "1-0"]
[WhiteElo "1793"]
[BlackElo "1931"]
[PlyCount "95"]
[EventDate "2016.01.04"]
[EventType "swiss"]
[EventRounds "11"]
[EventCountry "HKG"]
[SourceTitle "EXT 2017"]
[Source "ChessBase"]
[SourceDate "2016.10.25"]
[SourceVersion "1"]
[SourceVersionDate "2016.10.25"]
[SourceQuality "1"]

1. d4 e6 2. c4 f5 3. Nf3 Nf6 4. Nc3 Bb4 5. Bd2 0-0 6. a3 Bxc3 7. Bxc3 Ne4 8. Rc1 d6 9. g3 Nd7 10. Bg2 b6 11. b4 Nxc3 12. Rxc3 Bb7 13. 0-0 a5 14. c5 bxc5 15. bxc5 Bd5 16. cxd6 cxd6 17. Qc2 Nb6 18. Rc1 Rc8 19. Rxc8 Qxc8 20. Qb1 Nc4 21. Qd3 Qa6 22. Nd2 Bxg2 23. Qxc4 Qxc4 24. Nxc4 Rc8 25. Kxg2 d5 26. Kf1 dxc4 27. Rc3 Kf7 28. Ke1 Ke7 29. Kd2 Kd6 30. Re3 g5 31. Kc3 f4 32. Re5 fxg3 33. fxg3 h6 34. Rxa5 Rb8 35. Kxc4 Rb2 36. Ra6+ Ke7 37. Kd3 Rb3+ 38. Ke4 Rb2 39. e3 Rxh2 40. Ke5 h5 41. Ra7+ Kd8 42. Rg7 g4 43. Rg5 Rh3 44. Kf4 Ke7 45. a4 Rh1 46. a5 Kd6 47. a6 Rf1+ 48. Ke4 1-0

[Event "Hong Kong-ch prel"]
[Site "Hong Kong"]
[Date "2015.02.16"]
[Round "7"]
[White "Parrott, Laurence"]
[Black "Borigas, Edwin"]
[Result "1/2-1/2"]
[WhiteElo "1800"]
[BlackElo "1873"]
[PlyCount "96"]
[EventDate "2015.01.05"]
[EventType "swiss"]
[EventRounds "9"]
[EventCountry "HKG"]
[SourceTitle "EXT 2016"]
[Source "ChessBase"]
[SourceDate "2015.10.08"]
[SourceVersion "1"]
[SourceVersionDate "2015.10.08"]
[SourceQuality "1"]

1. Nf3 f5 2. c4 Nf6 3. g3 e6 4. Bg2 Be7 5. Nc3 d6 6. d4 0-0 7. 0-0 a6 8. Re1 Qe8 9. e4 fxe4 10. Nxe4 Qh5 11. Nfg5 Qxd1 12. Rxd1 Nc6 13. f4 h6 14. Nxf6+ Bxf6 15. Nf3 e5 16. dxe5 dxe5 17. Nxe5 Nxe5 18. fxe5 Bxe5 19. Be3 c6 20. Bd4 Bc7 21. Re1 Rd8 22. Bc3 Bg4 23. Re7 Rd7 24. Rae1 Rad8 25. c5 Rxe7 26. Rxe7 Rd7 27. Rxd7 Bxd7 28. b4 Be6 29. a4 Kf7 30. Kf2 g6 31. b5 axb5 32. axb5 Bd5 33. Bxd5+ cxd5 34. Bd2 h5 35. Bf4 Ba5 36. c6 bxc6 37. bxc6 Ke6 38. Ke3 Bb6+ 39. Kd3 Bc5 40. h4 Bb6 41. Kc3 Ke7 42. Kb4 Kd8 43. Kb5 Bf2 44. Be5 Kc8 45. Bd6 Bd4 46. Bf4 Bf2 47. Be5 Be3 48. Bd6 Bf2 1/2-1/2